000 nam a22 7a 4500
999 _c9309
_d9309
008 180125b ||||| |||| 00| 0 eng d
100 _aNCERT
_95564
245 _aA Fact with the Sun English for VII
260 _aNew Delhi
_bNCERT
_c2007